000 00608nam a2200217Ia 4500
003 OSt
005 20220925215652.0
006 a|||||r|||| 00| 0
007 ta
008 220923b |||||||| |||| 00| 0 eng d
037 _cGeneral Book
040 _aRTL
_cRTL
_beng
041 _2eng
_aeng
082 _aU2856f3.N7, M0
245 0 _aATLAS OF drought in Britain, 1975-76 Ed by J C Do
260 _aLondon
_bInstitute Of British Geographers U K
_c1980
300 _a87p.
_ccm.
650 _aMeteorology
_9200073
942 _hU2856f3.N7, M0
_cGB
_2CC
999 _c569420
_d569420